Quadro geral de unidades de medida (Decreo no. 81 621 de 03/05/78)

Gespeichert in:
Bibliographische Detailangaben
Körperschaft: Ministério Da Industria E Do Comercio. Instituto Nacional E Pesos e Medidas
Format: Buch
Sprache:Portuguese
Veröffentlicht: [Brazil] : Duque de Caxias 1978
Tags: Tag hinzufügen
Keine Tags, Fügen Sie den ersten Tag hinzu!

MARC

LEADER 00000nam a2200000Ia 4500
003 MV0013
005 20221231143952.0
008 140114s1978 bl a 000 u|por d
040 |c cru CEDI 
090 |a MV 13 
110 |9 21003  |a Ministério Da Industria E Do Comercio. Instituto Nacional E Pesos e Medidas  
245 |a Quadro geral de unidades de medida (Decreo no. 81 621 de 03/05/78) 
260 |a [Brazil] : Duque de Caxias  |c 1978 
300 |a 24 páginas  
942 |c MX 
999 |c 14957  |d 14957